000 00396nam a2200157Ia 4500
008 151213s9999 xx 000 0 und d
100 _aT. A. A. Latif
245 _aThe Practical Of Marketing
_cT. A. A. Latif
250 _a2nd
260 _aNew Dilhi
_bS. Chand & Company
_c1980
300 _a2991 p.
650 _aMarketing
650 _aMarketing
700 _aT. A. A. Latif
999 _c2078
_d2078